Organizácia vyučovacej hodiny fyziky /
Saved in:
| Main Author: | |
|---|---|
| Other Authors: | , |
| Format: | Book |
| Language: | Slovak |
| Published: |
Bratislava :
Slovenské pedagogické nakladateľstvo,
1958.
|
| Physical Description: |
160 strán. |
| Tags: |
Add Tag
No Tags, Be the first to tag this record!
|
Titul je dostupný aj v ... 

MARC
| LEADER | 00000nam a22000002i 4500 | ||
|---|---|---|---|
| 001 | 000694246 | ||
| 005 | 20230309092832.0 | ||
| 008 | 230309s1958 xo e 000 0 slo d | ||
| 020 | |c Kčs 7,10 |q (brožované) | ||
| 040 | |a SVKKK |b slo |c SVKKK |e rda | ||
| 100 | 1 | |a Jelizarov, Konstantin Nikolajevič | |
| 245 | 1 | 0 | |a Organizácia vyučovacej hodiny fyziky / |c Konstantin Nikolajevič Jelizarov ; preložili: Peter Baláž, Jozef Janovič. |
| 264 | 1 | |a Bratislava : |b Slovenské pedagogické nakladateľstvo, |c 1958. | |
| 300 | |a 160 strán. | ||
| 336 | |a text |b txt |2 rdacontent | ||
| 337 | |a bez média |b n |2 rdamedia | ||
| 338 | |a zväzok |b nc |2 rdacarrier | ||
| 500 | |a Záznam revízie | ||
| 700 | 1 | |a Baláž, Peter, |d 1917-1998 |4 trl | |
| 700 | 1 | |a Janovič, Jozef, |d 1932- |4 trl | |
| 910 | |a svkkk | ||
| 998 | |a BK | ||
| 090 | |g SCKHL |k Sklad Pribinova 3. posch. |a V.16826 |j 157440 |i 2720863271 |s Prezenčne | ||
| 090 | |g SCKHL |k Sklad Pribinova 3. posch. |a V.22283 |j 162074 |i 2720844986 |s Prezenčne | ||